[Event "HUN-chT 0607"]
[Site "Hungary"]
[Date "2007.05.06"]
[Round "10"]
[White "Restas, Peter"]
[Black "Rajcsanyi, Zita"]
[Result "1-0"]
[WhiteElo "2259"]
[BlackElo "2137"]
[PlyCount "97"]
[EventDate "2006.11.12"]
[EventType "team-tourn"]
[EventRounds "11"]
[EventCountry "HUN"]
[SourceTitle "EXT 2008"]
[Source "ChessBase"]
[SourceDate "2007.11.25"]
[SourceVersion "1"]
[SourceVersionDate "2007.11.25"]
[SourceQuality "1"]
[WhiteTeam "Mako"]
[BlackTeam "Taban Spartacus"]
[WhiteTeamCountry "HUN"]
[BlackTeamCountry "HUN"]

1. d4 Nf6 2. g3 g6 3. Bg2 Bg7 4. e4 d6 5. Ne2 Nc6 6. 0-0 Bg4 7. f3 Bd7 8. Be3 Na5 9. b3 Rc8 10. Nbc3 0-0 11. Qd2 b6 12. Rad1 c5 13. d5 b5 14. g4 b4 15. Nb1 Qb6 16. Rf2 Qb5 17. Bf1 Qb7 18. Bh6 Bxg4 19. Bxg7 Kxg7 20. c4 Bd7 21. Ng3 Qc7 22. f4 Nb7 23. Qb2 Kg8 24. h3 a5 25. Nd2 a4 26. Nf3 axb3 27. axb3 Ra8 28. e5 Ne8 29. f5 dxe5 30. Nxe5 Nf6 31. Rg2 Nd6 32. Bd3 Be8 33. Re1 Qa7 34. Qd2 Kh8 35. Ng4 Nxd5 36. cxd5 c4+ 37. Kh2 cxd3 38. f6 e6 39. Qxb4 Qb8 40. Qc5 Bd7 41. Ne5 Bc8 42. Ne4 Ra6 43. Kh1 Kg8 44. Nc6 Rxc6 45. dxc6 Nxe4 46. Rxe4 Qxb3 47. Rd4 Qd1+ 48. Kh2 Re8 49. Qe7 1-0

[Event "HUN-chT 0304"]
[Site "Hungary"]
[Date "2003.09.28"]
[Round "1"]
[White "Rajcsanyi, Zita"]
[Black "Jakobetz, Laszlo"]
[Result "0-1"]
[WhiteElo "2162"]
[BlackElo "2324"]
[PlyCount "86"]
[EventDate "2003.09.28"]
[EventType "team-tourn"]
[EventRounds "11"]
[EventCountry "HUN"]
[SourceTitle "EXT 2005"]
[Source "ChessBase"]
[SourceDate "2004.11.15"]
[SourceVersion "1"]
[SourceVersionDate "2004.11.15"]
[SourceQuality "1"]

1. e4 d5 2. exd5 Qxd5 3. Nc3 Qa5 4. d4 Nf6 5. Nf3 Bg4 6. Be2 Nc6 7. 0-0 0-0-0 8. Be3 e5 9. Ng5 Be6 10. Nb5 exd4 11. Nxe6 fxe6 12. Nxd4 Nxd4 13. Bxd4 Qf5 14. Bd3 Rxd4 15. Bxf5 Rxd1 16. Bxe6+ Rd7 17. Rad1 Bd6 18. Bxd7+ Kxd7 19. Rd3 Re8 20. Rfd1 a5 21. Kf1 b6 22. h3 Re4 23. Rg3 Nh5 24. Rf3 Nf4 25. Rg3 Ne6 26. Rdd3 Rc4 27. Rd2 g6 28. Re3 Ra4 29. a3 Rf4 30. g3 Rf5 31. Kg2 a4 32. c3 h5 33. Rde2 Nc5 34. Rf3 Rd5 35. Rf7+ Kc6 36. Rf6 Nd3 37. Rxg6 Rb5 38. f4 h4 39. Rg5 hxg3 40. Rxb5 Nxf4+ 41. Kf3 Kxb5 42. c4+ Kc6 43. Re4 g2 0-1

[Event "HUN-chT2 Charousek 0203"]
[Site "Hungary"]
[Date "2003.03.02"]
[Round "8.11"]
[White "Torok, Laszlo"]
[Black "Rajcsanyi, Zita"]
[Result "1-0"]
[WhiteElo "2124"]
[BlackElo "2160"]
[PlyCount "51"]
[EventDate "2002.09.22"]
[EventType "team-tourn"]
[EventRounds "11"]
[EventCountry "HUN"]
[SourceTitle "EXT 2004"]
[Source "ChessBase"]
[SourceDate "2003.11.25"]
[SourceVersion "1"]
[SourceVersionDate "2003.11.25"]
[SourceQuality "1"]
[WhiteTeam "Gyor Elektromos"]
[BlackTeam "Taban Spartacus"]
[WhiteTeamCountry "HUN"]
[BlackTeamCountry "HUN"]

1. b4 d5 2. Bb2 Nf6 3. e3 e6 4. b5 c5 5. Nf3 Nbd7 6. c4 dxc4 7. Bxc4 Bd6 8. a4 0-0 9. 0-0 e5 10. d3 Qe7 11. Nbd2 Bc7 12. Qc2 Nb6 13. Rfc1 Bg4 14. Bb3 Rac8 15. Ba3 Bd6 16. Qa2 h6 17. a5 Nbd7 18. Nh4 e4 19. Ng6 Qe8 20. Nxf8 Kxf8 21. d4 Kg8 22. Nc4 Bb8 23. b6 Qe6 24. Ne5 Qf5 25. Bxf7+ Kh8 26. Bg6 1-0

[Event "HUN-chT2 Charousek 0203"]
[Site "Hungary"]
[Date "2003.01.19"]
[Round "5.11"]
[White "Rajcsanyi, Zita"]
[Black "Nagy, Lajos"]
[Result "1-0"]
[WhiteElo "2160"]
[BlackElo "2078"]
[PlyCount "111"]
[EventDate "2002.09.22"]
[EventType "team-tourn"]
[EventRounds "11"]
[EventCountry "HUN"]
[SourceTitle "EXT 2004"]
[Source "ChessBase"]
[SourceDate "2003.11.25"]
[SourceVersion "1"]
[SourceVersionDate "2003.11.25"]
[SourceQuality "1"]
[WhiteTeam "Taban Spartacus"]
[BlackTeam "Paks ASE II"]
[WhiteTeamCountry "HUN"]
[BlackTeamCountry "HUN"]

1. e4 e5 2. Nf3 Nc6 3. Bb5 a6 4. Ba4 Nf6 5. 0-0 Nxe4 6. Re1 Nc5 7. Bxc6 dxc6 8. Nxe5 Be6 9. Qh5 g6 10. Nxg6 fxg6 11. Qe5 Rg8 12. d4 Qd5 13. dxc5 Qxe5 14. Rxe5 Kd7 15. c3 Bg7 16. Re1 Rge8 17. Be3 Rad8 18. Bg5 Ra8 19. Nd2 h6 20. Bh4 g5 21. Bg3 Rad8 22. Re2 Bg4 23. Rxe8 Rxe8 24. f3 Bf5 25. Re1 Rxe1+ 26. Bxe1 Bf8 27. Bf2 Ke6 28. Nb3 Kd5 29. Na5 Bc8 30. b4 Bg7 31. c4+ Ke6 32. Kf1 Bc3 33. Be1 Bd4 34. Ke2 Kd7 35. Kd3 Bg7 36. Bf2 Bb2 37. Kc2 Bg7 38. Kd3 Bb2 39. Bd4 Bxd4 40. Kxd4 b6 41. Nb3 Ke6 42. Ke4 Kf6 43. cxb6 Bf5+ 44. Kd4 cxb6 45. a4 Bc2 46. Kc3 Bd1 47. a5 bxa5 48. Nxa5 Ba4 49. Kd4 Ke6 50. Kc5 Kd7 51. Kb6 Kd6 52. Kxa6 Kc7 53. b5 cxb5 54. cxb5 Kd6 55. b6 Bd7 56. b7 1-0

[Event "Budapest FS04 IM-B"]
[Site "Budapest"]
[Date "1994.??.??"]
[Round "11"]
[White "Barth, Rainer"]
[Black "Rajcsanyi, Zita"]
[Result "1-0"]
[WhiteElo "2285"]
[BlackElo "2260"]
[PlyCount "43"]
[EventDate "1994.04.??"]
[EventType "tourn"]
[EventRounds "13"]
[EventCountry "HUN"]
[EventCategory "3"]
[SourceTitle "EXT 1997"]
[Source "ChessBase"]
[SourceDate "1996.11.15"]
[SourceVersion "1"]
[SourceVersionDate "1996.11.15"]
[SourceQuality "1"]

1. d4 Nf6 2. c4 g6 3. Nc3 Bg7 4. e4 d6 5. f3 0-0 6. Be3 c5 7. Nge2 Nc6 8. d5 Ne5 9. Nc1 e6 10. Be2 exd5 11. cxd5 a6 12. a4 Qa5 13. Ra3 Bd7 14. 0-0 Qc7 15. h3 b5 16. axb5 axb5 17. Nxb5 Qb6 18. Rb3 Ra4 19. Nc3 Rb4 20. f4 Rxb3 21. Nxb3 Rb8 22. fxe5 1-0

[Event "HUN-chT 9394"]
[Site "Hungary"]
[Date "1994.??.??"]
[Round "?"]
[White "Kun, Sandor"]
[Black "Rajcsanyi, Zita"]
[Result "1-0"]
[WhiteElo "2250"]
[BlackElo "2260"]
[PlyCount "65"]
[EventDate "1993.??.??"]
[EventType "team-tourn"]
[EventRounds "13"]
[EventCountry "HUN"]
[SourceTitle "TD"]
[Source "ChessBase"]
[SourceDate "1994.03.01"]
[SourceVersion "1"]
[SourceVersionDate "1994.03.01"]
[SourceQuality "1"]

1. e4 c5 2. Nf3 Nc6 3. d4 cxd4 4. Nxd4 e5 5. Nb5 d6 6. N1c3 a6 7. Na3 b5 8. Nd5 Be7 9. Be3 Nf6 10. Bb6 Qd7 11. Nc7+ Kf8 12. Nxa8 Qb7 13. f3 Be6 14. c4 bxc4 15. Bxc4 Nb4 16. Bxe6 fxe6 17. Nc4 Qxa8 18. Ba5 d5 19. Nxe5 dxe4 20. 0-0 Bc5+ 21. Kh1 Ke7 22. Qa4 exf3 23. Rxf3 Nbd5 24. Nc6+ Kd6 25. Nd4 Qe8 26. Qc4 Bxd4 27. Qxd4 Qb5 28. Bc3 Ke7 29. Qa7+ Kd6 30. Re1 Nd7 31. Rf7 Rd8 32. Rxg7 N5b6 33. Be5+ 1-0

[Event "Budapest FS06 IM-A"]
[Site "Budapest"]
[Date "1994.??.??"]
[Round "10"]
[White "Mozes, Ervin"]
[Black "Rajcsanyi, Zita"]
[Result "1-0"]
[WhiteElo "2385"]
[BlackElo "2260"]
[PlyCount "93"]
[EventDate "1994.06.??"]
[EventType "tourn"]
[EventRounds "13"]
[EventCountry "HUN"]
[EventCategory "2"]
[SourceTitle "EXT 1997"]
[Source "ChessBase"]
[SourceDate "1996.11.15"]
[SourceVersion "1"]
[SourceVersionDate "1996.11.15"]
[SourceQuality "1"]

1. g3 g6 2. Bg2 Bg7 3. e4 c5 4. Ne2 Nc6 5. c3 e5 6. d3 d6 7. 0-0 Nge7 8. f4 exf4 9. Nxf4 0-0 10. Nd2 Rb8 11. Nf3 b5 12. Bd2 b4 13. Qc2 Bd7 14. Rf2 Qb6 15. Be3 Qa5 16. Bd2 Rb7 17. Qc1 Rfb8 18. c4 Nd4 19. Nxd4 Bxd4 20. Be3 Bg7 21. Qf1 Rc7 22. b3 Rf8 23. Rd1 Bd4 24. Re1 Bc3 25. Ree2 Rcc8 26. Qd1 Qb6 27. Rc2 Bd4 28. Qe1 Rce8 29. Bxd4 cxd4 30. Qc1 Rc8 31. Qe1 Qc5 32. Rce2 Bg4 33. Rd2 Qe5 34. h3 Bd7 35. Rf3 a5 36. Rdf2 Kg7 37. Qf1 f5 38. Re2 Qf6 39. Qa1 Rce8 40. Rf1 Kg8 41. Rfe1 g5 42. Nh5 Qg6 43. exf5 Nxf5 44. Bd5+ Kh8 45. g4 Re5 46. Rxe5 dxe5 47. Rxe5 1-0

[Event "Budapest FS09 IM-A"]
[Site "Budapest"]
[Date "1994.??.??"]
[Round "3"]
[White "Rajcsanyi, Zita"]
[Black "Farago, Sandor"]
[Result "1/2-1/2"]
[WhiteElo "2225"]
[BlackElo "2360"]
[PlyCount "73"]
[EventDate "1994.09.??"]
[EventType "tourn"]
[EventRounds "9"]
[EventCountry "HUN"]
[EventCategory "2"]
[SourceTitle "EXT 1997"]
[Source "ChessBase"]
[SourceDate "1996.11.15"]
[SourceVersion "1"]
[SourceVersionDate "1996.11.15"]
[SourceQuality "1"]

1. e4 c5 2. c3 d6 3. d4 Nd7 4. Nf3 g6 5. Bd3 Bg7 6. 0-0 Qc7 7. Qe2 e5 8. dxe5 dxe5 9. a4 Ne7 10. Na3 a6 11. Bc2 h6 12. Nc4 Nb6 13. Nxb6 Qxb6 14. a5 Qc7 15. Ba4+ Bd7 16. Bxd7+ Qxd7 17. Be3 Qc6 18. Qc4 Rc8 19. Ne1 Qb5 20. Qxb5+ axb5 21. Nd3 c4 22. Nc5 Rc7 23. a6 bxa6 24. Rxa6 Nc8 25. Ra8 0-0 26. Rd1 Nd6 27. Rxf8+ Bxf8 28. f3 Nf5 29. exf5 Bxc5 30. Bxc5 Rxc5 31. fxg6 fxg6 32. Kf2 b4 33. cxb4 Rb5 34. Rd2 Rxb4 35. Ke2 Rb3 36. Kd1 c3 37. bxc3 1/2-1/2

[Event "Budapest FS04 IM-B"]
[Site "Budapest"]
[Date "1994.??.??"]
[Round "2"]
[White "Rajcsanyi, Zita"]
[Black "Horvath, Imre"]
[Result "1/2-1/2"]
[WhiteElo "2260"]
[BlackElo "2390"]
[PlyCount "20"]
[EventDate "1994.04.??"]
[EventType "tourn"]
[EventRounds "13"]
[EventCountry "HUN"]
[EventCategory "3"]
[SourceTitle "EXT 1997"]
[Source "ChessBase"]
[SourceDate "1996.11.15"]
[SourceVersion "1"]
[SourceVersionDate "1996.11.15"]
[SourceQuality "1"]

1. e4 c6 2. c4 d5 3. cxd5 cxd5 4. exd5 Nf6 5. Bb5+ Bd7 6. Bc4 b5 7. Bb3 a5 8. a3 g6 9. Nf3 Bg7 10. 0-0 0-0 1/2-1/2

[Event "Budapest FS09 IM-A"]
[Site "Budapest"]
[Date "1994.??.??"]
[Round "7"]
[White "Rajcsanyi, Zita"]
[Black "Ismailova, Lala"]
[Result "1-0"]
[WhiteElo "2225"]
[BlackElo "2095"]
[PlyCount "31"]
[EventDate "1994.09.??"]
[EventType "tourn"]
[EventRounds "9"]
[EventCountry "HUN"]
[EventCategory "2"]
[SourceTitle "EXT 1997"]
[Source "ChessBase"]
[SourceDate "1996.11.15"]
[SourceVersion "1"]
[SourceVersionDate "1996.11.15"]
[SourceQuality "1"]

1. e4 d6 2. d4 Nf6 3. Nc3 e5 4. Nf3 Nbd7 5. Bc4 Be7 6. 0-0 0-0 7. Re1 c6 8. a4 a5 9. Ba2 Qc7 10. h3 h6 11. Be3 Re8 12. Qd2 Bf8 13. Nh4 exd4 14. Bxd4 Ne5 15. f4 Ng6 16. Nxg6 1-0

[Event "Crudim"]
[Site "Chrudim"]
[Date "1994.??.??"]
[Round "8"]
[White "Rajcsanyi, Zita"]
[Black "Korenova, Martina"]
[Result "1-0"]
[WhiteElo "2260"]
[BlackElo "2210"]
[PlyCount "75"]
[EventDate "1994.??.??"]
[EventType "tourn"]
[EventRounds "11"]
[EventCountry "CZE"]
[EventCategory "1"]
[SourceTitle "EXT 1997"]
[Source "ChessBase"]
[SourceDate "1996.11.15"]
[SourceVersion "1"]
[SourceVersionDate "1996.11.15"]
[SourceQuality "1"]

1. e4 e5 2. Nf3 Nc6 3. Bb5 a6 4. Ba4 Nf6 5. 0-0 Be7 6. Re1 b5 7. Bb3 d6 8. c3 0-0 9. h3 Nb8 10. d4 Nbd7 11. Nbd2 Bb7 12. Bc2 Re8 13. Nf1 Bf8 14. Ng3 g6 15. b3 Bg7 16. Bb2 c6 17. c4 bxc4 18. bxc4 exd4 19. Rb1 a5 20. Bxd4 Ba6 21. Bd3 Qc7 22. Qc2 Nh5 23. Nxh5 gxh5 24. Bxg7 Kxg7 25. Nh4 Ne5 26. Nf5+ Kf8 27. Qc3 f6 28. Qd2 Ng6 29. Qh6+ Kg8 30. Re3 Rab8 31. Rd1 Rb2 32. Be2 Rxe2 33. Rxe2 Bxc4 34. Rb2 d5 35. Rdb1 Ba6 36. Rb8 Rc8 37. Rxc8+ Bxc8 38. Rb8 1-0

[Event "Budapest FS09 IM-A"]
[Site "Budapest"]
[Date "1994.??.??"]
[Round "1"]
[White "Rajcsanyi, Zita"]
[Black "Polacek, Jozef"]
[Result "0-1"]
[WhiteElo "2225"]
[BlackElo "2295"]
[PlyCount "68"]
[EventDate "1994.09.??"]
[EventType "tourn"]
[EventRounds "9"]
[EventCountry "HUN"]
[EventCategory "2"]
[SourceTitle "EXT 1997"]
[Source "ChessBase"]
[SourceDate "1996.11.15"]
[SourceVersion "1"]
[SourceVersionDate "1996.11.15"]
[SourceQuality "1"]

1. e4 e5 2. Nf3 Nc6 3. Bb5 g6 4. c3 Nge7 5. d4 exd4 6. cxd4 d5 7. e5 h6 8. Nc3 Bg7 9. 0-0 0-0 10. h3 a6 11. Bd3 Nf5 12. Bc2 Re8 13. Re1 Be6 14. b3 Nb4 15. Bb1 Nh4 16. Bb2 c5 17. dxc5 Nc6 18. Na4 Nxf3+ 19. Qxf3 Qg5 20. Qe3 Qxe3 21. Rxe3 d4 22. Re1 Nxe5 23. Be4 Nc6 24. Rad1 Rad8 25. Nb6 Bf8 26. Ba3 Bg7 27. Re2 Bf5 28. Rde1 Rxe4 29. Rxe4 Bxe4 30. Rxe4 d3 31. Re1 Nd4 32. Rd1 Ne2+ 33. Kf1 Nc3 34. c6 bxc6 0-1

[Event "Budapest FS06 IM-A"]
[Site "Budapest"]
[Date "1994.??.??"]
[Round "7"]
[White "Rajcsanyi, Zita"]
[Black "Stupar, Slavoljub"]
[Result "0-1"]
[WhiteElo "2260"]
[BlackElo "2185"]
[PlyCount "80"]
[EventDate "1994.06.??"]
[EventType "tourn"]
[EventRounds "13"]
[EventCountry "HUN"]
[EventCategory "2"]
[SourceTitle "EXT 1997"]
[Source "ChessBase"]
[SourceDate "1996.11.15"]
[SourceVersion "1"]
[SourceVersionDate "1996.11.15"]
[SourceQuality "1"]

1. e4 e5 2. Nf3 Nc6 3. Bb5 a6 4. Ba4 Nf6 5. 0-0 Be7 6. Re1 b5 7. Bb3 d6 8. c3 0-0 9. h3 h6 10. d4 Re8 11. Nbd2 Bf8 12. Nf1 Bb7 13. Ng3 Na5 14. Bc2 Nc4 15. b3 Nb6 16. Bd2 c5 17. d5 a5 18. Nf5 Bc8 19. g4 Bxf5 20. gxf5 a4 21. Qe2 axb3 22. axb3 c4 23. Be3 cxb3 24. Bxb3 Na4 25. Bd2 Qd7 26. Reb1 Nc5 27. Bc2 Rxa1 28. Rxa1 Qb7 29. Rb1 Rb8 30. c4 Qa7 31. Rxb5 Qa1+ 32. Qe1 Ra8 33. Rb1 Qa2 34. Rc1 Qxc4 35. Bb1 Qb5 36. Bc3 Ra3 37. Kg2 Nd3 38. Qf1 Nf4+ 39. Kg1 Ne2+ 40. Kh2 Nxc3 0-1

[Event "Budapest FS10 IM-A"]
[Site "Budapest"]
[Date "1993.??.??"]
[Round "9"]
[White "Balogh, Bela"]
[Black "Rajcsanyi, Zita"]
[Result "1-0"]
[WhiteElo "2255"]
[BlackElo "2145"]
[PlyCount "53"]
[EventDate "1993.10.??"]
[EventType "tourn"]
[EventRounds "11"]
[EventCountry "HUN"]
[EventCategory "2"]
[SourceTitle "EXT 1997"]
[Source "ChessBase"]
[SourceDate "1996.11.15"]
[SourceVersion "1"]
[SourceVersionDate "1996.11.15"]
[SourceQuality "1"]

1. d4 Nf6 2. Nf3 g6 3. Bf4 Bg7 4. e3 0-0 5. Be2 d6 6. h3 b6 7. 0-0 c5 8. c4 Ba6 9. Nc3 Nbd7 10. d5 h6 11. Qd2 Nh5 12. Bh2 f5 13. Nh4 Qe8 14. g4 Nhf6 15. gxf5 gxf5 16. Kh1 Nh7 17. f4 Rf6 18. Rg1 e6 19. Rg3 Qe7 20. Rag1 Bb7 21. Rxg7+ Qxg7 22. Rxg7+ Kxg7 23. Bh5 Nhf8 24. Bg3 a6 25. Kh2 e5 26. Qc2 e4 27. Be1 1-0

[Event "EU-ch U18 Girls"]
[Site "Svitavy"]
[Date "1993.??.??"]
[Round "3"]
[White "Chervonenko, Irina"]
[Black "Rajcsanyi, Zita"]
[Result "1/2-1/2"]
[WhiteElo "2175"]
[BlackElo "2120"]
[PlyCount "80"]
[EventDate "1993.??.??"]
[EventType "swiss"]
[EventRounds "11"]
[EventCountry "CZE"]
[SourceTitle "EXT 1997"]
[Source "ChessBase"]
[SourceDate "1996.11.15"]
[SourceVersion "1"]
[SourceVersionDate "1996.11.15"]
[SourceQuality "1"]

1. c4 Nf6 2. Nf3 g6 3. Nc3 Bg7 4. e4 0-0 5. d4 d6 6. h3 e5 7. dxe5 dxe5 8. Qxd8 Rxd8 9. Bg5 c6 10. Nxe5 Re8 11. 0-0-0 Nxe4 12. Nxe4 Bxe5 13. Nf6+ Bxf6 14. Bxf6 Be6 15. h4 Nd7 16. Bc3 h5 17. f3 f6 18. Bd3 Kf7 19. b3 Rad8 20. Bc2 Nf8 21. Rxd8 Rxd8 22. Rd1 Rxd1+ 23. Kxd1 g5 24. hxg5 fxg5 25. Kd2 Ng6 26. Ke3 h4 27. Be4 Nf4 28. Kf2 a6 29. Bd4 Bd7 30. a4 Ke6 31. a5 Be8 32. Be3 Ke5 33. g3 hxg3+ 34. Kxg3 Bd7 35. Bb6 Ne2+ 36. Kf2 Nd4 37. Bc7+ Kf6 38. b4 Bf5 39. Ke3 Nc2+ 40. Bxc2 Bxc2 1/2-1/2

[Event "EU-ch U18 Girls"]
[Site "Svitavy"]
[Date "1993.??.??"]
[Round "5"]
[White "Petrenko, Svetlana"]
[Black "Rajcsanyi, Zita"]
[Result "1-0"]
[WhiteElo "2075"]
[BlackElo "2120"]
[PlyCount "117"]
[EventDate "1993.??.??"]
[EventType "swiss"]
[EventRounds "11"]
[EventCountry "CZE"]
[SourceTitle "EXT 1997"]
[Source "ChessBase"]
[SourceDate "1996.11.15"]
[SourceVersion "1"]
[SourceVersionDate "1996.11.15"]
[SourceQuality "1"]

1. e4 c5 2. Nf3 Nc6 3. d4 cxd4 4. Nxd4 Nf6 5. Nc3 e5 6. Ndb5 d6 7. Bg5 a6 8. Na3 b5 9. Nd5 Be7 10. Bxf6 Bxf6 11. c4 b4 12. Nc2 a5 13. Nxf6+ Qxf6 14. Qd5 Bb7 15. Ne3 0-0 16. Rd1 Rfd8 17. Nf5 Rab8 18. Qd2 Ba8 19. Nxd6 Nd4 20. c5 Qh4 21. Bd3 Ne6 22. Qe3 Nf4 23. 0-0 Qg4 24. g3 Ne6 25. Bc4 Rd7 26. Bd5 Rc7 27. Rc1 Nf4 28. Bxa8 Rxa8 29. Kh1 Ne6 30. f4 exf4 31. gxf4 Rd8 32. e5 Qh4 33. f5 Ng5 34. Rc4 Qh5 35. h4 f6 36. b3 Nf7 37. Nxf7 Qxf7 38. e6 Qe7 39. c6 Qd6 40. Rfc1 Qd5+ 41. Qe4 Qxe4+ 42. Rxe4 Kf8 43. Rec4 g6 44. Rc5 gxf5 45. Rxf5 Ke7 46. Rxa5 Kxe6 47. Rc4 Rd2 48. Ra6 Rd6 49. Kg2 Kd5 50. Kf3 Rdxc6 51. Raxc6 Rxc6 52. Rxb4 Rc2 53. a4 f5 54. a5 Rc7 55. Kf4 Ra7 56. Rb5+ Kc6 57. Rxf5 Rb7 58. Rf6+ Kd5 59. Rb6 1-0

[Event "EU-ch U18 Girls"]
[Site "Svitavy"]
[Date "1993.??.??"]
[Round "6"]
[White "Rajcsanyi, Zita"]
[Black "Abdullaeva, Ulviyya"]
[Result "1-0"]
[WhiteElo "2120"]
[BlackElo "2090"]
[PlyCount "59"]
[EventDate "1993.??.??"]
[EventType "swiss"]
[EventRounds "11"]
[EventCountry "CZE"]
[SourceTitle "EXT 1997"]
[Source "ChessBase"]
[SourceDate "1996.11.15"]
[SourceVersion "1"]
[SourceVersionDate "1996.11.15"]
[SourceQuality "1"]

1. e4 c5 2. c3 d5 3. exd5 Qxd5 4. d4 e6 5. Nf3 cxd4 6. cxd4 Nf6 7. Nc3 Qd6 8. Bc4 Nbd7 9. 0-0 Nb6 10. Bd3 Be7 11. Be3 0-0 12. Rc1 Nbd5 13. Qe2 b6 14. Ne5 Bb7 15. Rfd1 Rac8 16. Ba6 Bxa6 17. Qxa6 Nb4 18. Qxa7 Ra8 19. Qb7 Rfb8 20. Qf3 Nxa2 21. Ra1 Nxc3 22. bxc3 Qd5 23. Nc6 Qxf3 24. gxf3 Rxa1 25. Rxa1 Rb7 26. Ra8+ Bf8 27. Bc1 h5 28. Ba3 Nd7 29. Bd6 b5 30. Ne5 1-0